000 00783 a2200277 4500
003 Nust
005 20170207154028.0
020 _a0-8493-8101-0 ;
040 _cNust
082 _a363.25
082 _a363.25
245 0 0 _aIntroduction to forensic sciences(EBOOK)
_cedited by William G. Eckert
250 _a2nd ed
260 _aBoca Raton, Fla. ;
_aLondon :
_bCRC,
_ccop. 1997
300 _axi, 390 p., [2] p. of plates :
_bill. (some col.) ;
_c24 cm
500 _aPrevious ed.: Mosby, 1980
650 7 _aCriminal investigation
650 7 _aForensic sciences
650 7 _aForensic sciences
650 7 _aKriminalteknik
650 7 _aKriminalteknik
650 7 _aKriminalteknik
650 7 _aMedical jurisprudence
651 _aEBOOK
700 1 _aEckert, William G.
_4oth
942 _2ddc
_cBK
999 _c192022
_d192022